004590000a2200145000450024501150000065000180011565000250013365000240015865000120018265300140019404100130020870000170022110000180023877300570025610aDiagnostic characters, scope and geographical distribution of the subfamily Romaleinae (Orthoptera: Acrididae)14aEntomología14aSistemática animal14aMorfología animal14aGrillos fAcrididae0 aInglés1 aDirsh, V. M.1 aUvarov, B. P.1 tProceedings Royal Ent. Soc. Lond.q153-160d1961g30